Elenca la formazione - Finale UEFA Champions League 2016-2017 - Statistics

Statistiche generali
  • Questo quiz è stato fatto 314 volte
  • Il punteggio medio è 21 su 22
Statistiche sulle risposte
Ruolo Nazione Stato % Corretto
Portiere Italia Gianluigi Buffon
100%
Difensore Italia Giorgio Chiellini
100%
Difensore Italia Leonardo Bonucci
100%
Difensore Italia Andrea Barzagli
99%
Attaccante Portogallo Cristiano Ronaldo
99%
Attaccante Croazia Mario Mandžukić
99%
Centrocampista Bosnia ed Erzegovina Miralem Pjanić
99%
Trequartista Argentina Paulo Dybala
99%
Attaccante Francia Karim Benzema
98%
Centrocampista Croazia Luka Modrić
98%
Attaccante Argentina Gonzalo Higuaín
97%
Centrocampista Germania Sami Khedira
97%
Difensore Spagna Sergio Ramos
97%
Portiere Costa Rica Keylor Navas
96%
Centrocampista Germania Toni Kroos
96%
Centrocampista Brasile Casemiro
95%
Difensore Spagna Daniel Carvajal
94%
Difensore Francia Raphaël Varane
94%
Difensore Brasile Marcelo
92%
Centrocampista Brasile Dani Alves
84%
Centrocampista Brasile Alex Sandro
81%
Attaccante Spagna Isco
75%
Nessun quiz corrispondente trovato
Distribuzione punteggi
Percentuale di utenti per punteggio
Percentile per numero di risposta
I tuoi punteggi nel tempo
Non hai fatto questo quiz